Teachers as agents of National development : A case study of uganda (Record no. 1366283)

MARC details
000 -LEADER
fixed length control field 00567nam a2200193Ia 4500
005 - DATE AND TIME OF LATEST TRANSACTION
control field 20250508160728.0
008 - FIXED-LENGTH DATA ELEMENTS--GENERAL INFORMATION
fixed length control field 008 250505s9999 xx 000 0 eng d
037 ## - SOURCE OF ACQUISITION
Stock number Textual
040 ## - CATALOGING SOURCE
Original cataloging agency FEDL
Language of cataloging eng
Transcribing agency FEDL
041 ## - LANGUAGE CODE
Language code of text/sound track or separate title eng
Source of code eng
084 ## - COLON CLASSIFICATION NUMBER
Classification number 370.7, EVA
Assigning agency FEDL
100 ## - MAIN ENTRY--PERSONAL NAME
Personal name Evans David R.
9 (RLIN) 11291
245 #0 - TITLE STATEMENT
Title Teachers as agents of National development : A case study of uganda
260 ## - PUBLICATION, DISTRIBUTION, ETC.
Place of publication, distribution, etc. New York, USA
Name of publisher, distributor, etc. Praeger Publishers
Date of publication, distribution, etc. 1971
300 ## - PHYSICAL DESCRIPTION
Extent xviii,245p.
650 ## - SUBJECT ADDED ENTRY--TOPICAL TERM
Topical term or geographic name entry element Education
942 ## - ADDED ENTRY ELEMENTS (KOHA)
Koha item type Textual
Classification part 370.7, EVA
Holdings
Withdrawn status Lost status Damaged status Not for loan Home library Current library Date acquired Total Checkouts Full call number Barcode Date last seen Price effective from Koha item type
        Department of Education Library Department of Education Library 2025-05-08   370.7, EVA EL0052942 2025-05-08 2025-05-08 Textual
Copyright @ Delhi University Library System